Statystyki dla PSP i OSP w woj. Śląskim

Kliknij tutaj aby rozwiązać quiz!

Ogólne statystyki

  • Ten quiz został rozwiązany 3 razy
  • Średni wynik to 20 z 490

Statystyki odpowiedzi

ŚląskŚląskŚląsk% Poprawnych
OSP BiałaJRG 1 KatowiceOSP Międzybrodzie Bialskie
67%
OSP Czarna WieśJRG 2 KatowiceOSP Międzybrodzie Żywieckie
67%
OSP Górki StanyJRG 3 KatowiceOSP Gilowice
67%
JRG 1 KłobuckKW PSP KatowiceJRG 1 Żywiec
67%
OSP MiedźnoJRG 1 Bielsko-BiałaOSP Słotwina
33%
OSP OpatówJRG 1 BytomOSP Węgierska Górka
33%
OSP Rębielice SzlacheckieJRG 1 Chorzów
33%
OSP Lgota MurowanaJRG 1 Cieszyn
33%
OSP SzarlejkaJRG 1 Częstochowa
33%
OSP TomiszowiceJRG 1 Dąbrowa górnicza
33%
OSP RudołtowiceJRG 1 Gliwice
33%
OSP BolesławJRG 1 Jastrzębie-Zdrój
33%
OSP KrowiarkiJRG 1 Jaworzno
33%
OSP SamborowiceJRG 1 Mysłowice
33%
OSP Zawada KsiążęcaJRG 1 Piekary Śląskie
33%
OSP PogrzebieńJRG 1Ruda Śląska
33%
OSP RzuchówJRG 1 Ruda Śląska
33%
KP PSP Tarnowskie góryJRG 1 Rybnik
33%
OSP GorzyceJRG 1 Sosnowiec
33%
OSP OlzaJRG 1 Świętochłowice
33%
OSP RogówJRG 1 Tychy
33%
OSP KokoszyceJRG 1 Zabrze
33%
OSP UchylskoJRG 1 Żory
33%
OSP MokraJRG 2 Bielsko -BiałaOSP Łękawica
33%
OSP WęglowiceJRG 2 Częstochowa
33%
OSP PawłowiceJRG 2 Gliwice
33%
OSP KrzyżkowiceJRG 2 Sosnowiec
33%
OSP WięckiJRG 3 Częstochowa
33%
OSP GolasowiceJRG 3 Gliwice
33%
OSP Wilcza GóraJRG 4 Częstochowa
33%
OSP PielgrzymowiceJRG 4 Gliwice
33%
OSP Poręba-NiwkiOSP Będzin
33%
JRG 1 PszczynaOSP Błędów
33%
OSP Wrzosy BrzezinyOSP CzechowiceOSP Cięcina
33%
OSP RyczówOSP Czeladź
33%
OSP TworógOSP Czerwionka
33%
OSP KleśniskaOSP DziedziceOSP Szare
33%
OSP BorowaOSP KozyOSP Korbielów
33%
OSP KulejeOSP ŁazyOSP Sól
33%
OSP Buków | OSP GołuchowiceOSP Lędziny
33%
OSP StudzionkaOSP Łęka
33%
OSP Kamińsko | OSP KotyOSP LeszczynyOSP Bierna
33%
OSP LudwinówOSP Łosień
33%
OSP Zawiercie-MarciszówOSP Mierzęcice
33%
OSP GorzkówOSP Okradzionów
33%
OSP ZdówOSP Siewierz
33%
OSP GoleniowyOSP Sławków
33%
OSP MzurówOSP Strzemieszyce
33%
OSP DankowiceOSP SzczyrkOSP Mutne
33%
OSP OstrówOSP Trzebiesławice
33%
OSP HutkaOSP WilamowiceOSP Sienna
33%
OSP ŻarnowiecOSP Wojkowice
33%
OSP SzczekocinyOSP Wojkowice Kościelne
33%
KP PSP PszczynaOSP Ząbkowice
33%
OSP Ligota Woźnicka
OSP Bargły
0%
OSP Strzebiń
OSP Mstów
0%
OSP Psary
OSP Poczesna
0%
OSP Dobrogoszczyce
OSP Bieruń Nowy
0%
OSP CzyżowiceJRG 1 Siemianowice Śląskie
0%
OSP PodlesiceJRG 2 skoczów
0%
OSP PrzyłubskoJRG 3 ustroń
0%
OSP CiągowiceJRG Będzin
0%
OSP ŁobodnoKM PSP Bielsko-BiałaOSP Lipowa
0%
OSP NowinyKM PSP BytomOSP Złatna
0%
OSP Podłęże SzlacheckieKM PSP Chorzów
0%
OSP StanisławówKM PSP Częstochowa
0%
OSP MoczydłoKM PSP Dąbrowa górnicza
0%
OSP ŁąkaKM PSP Gliwice
0%
OSP BieńkowiceKM PSP Jastrzębie-Zdrój
0%
OSP GródczankiKM PSP Jaworzno
0%
KP PSP KłobukKM PSP KatowiceKP PSP Żywiec
0%
OSP RudyszwałdKM PSP Mysłowice
0%
OSP WojnowiceKM PSP Piekary Śląskie
0%
OSP KorniceKM PSP Ruda Śląska
0%
ZOSP Henkel RacibórzKM PSP Rybnik
0%
OSP BiertułtowyKM PSP Siemianowice Śląskie
0%
OSP GołkowiceKM PSP Sosnowiec
0%
OSP MszanaKM PSP Świętochłowice
0%
OSP Radlin IIKM PSP Tychy
0%
OSP JedłownikKM PSP Zabrze
0%
OSP TurzyczkaKM PSP Żory
0%
OSP ChruszczobródKP PSP Będzin
0%
OSP KostkowiceKP PSP Cieszyn
0%
OSP Nowe ChechłoOSP Adamowice
0%
OSP TaninaOSP Aleksandria
0%
OSP TurzaOSP Bąków
0%
OSP NędzaOSP Bargłówka
0%
OSP Rokitno SzlacheckieOSP Bażanowice
0%
OSP PotępaOSP Bełk
0%
OSP OstrowyOSP BestwinaOSP Łodygowice
0%
OSP PankiOSP BestwinkaOSP Pietrzykowice
0%
OSP HarbułtowiceOSP Biała Wielka
0%
OSP SkrzyszówOSP Bieruń Nowy
0%
OSP Dzibice | OSP RydułtowyOSP Bieruń Stary
0%
OSP LubeckoOSP Biskupice
0%
OSP WładysławówOSP Blachownia
0%
OSP JeziorowiceOSP Bładnice
0%
OSP Racibórz-MiedoniaOSP Błażejowice
0%
OSP Zajączki PierwszeOSP Błeszno
0%
OSP WiesiółkaOSP Bobrowniki
0%
OSP GiebłoOSP Boguchwałowice
0%
OSP PyrzowiceOSP Bogunice
0%
OSP DroniowiceOSP Bogusławice
0%
JRG 1 Tarnowskie góryOSP Boguszowice
0%
OSP Racibórz-MarkowiceOSP Bojszów
0%
OSP ZawadaOSP Bojszowy
0%
OSP SyryniaOSP Bojszowy Nowy
0%
OSP LubockieOSP Borowce
0%
OSP CieszowaOSP Borowno
0%
OSP SiamoszyceOSP Brenna Centrum
0%
OSP KoryczanyOSP Brenna Leśnica
0%
OSP WierzbieOSP Broniszew Stary
0%
OSP Wręczyca WielkaOSP BronówOSP Ujsoły
0%
OSP KocikowaOSP Brudzowice
0%
OSP LekartówOSP Brzezinach Śląskich
0%
OSP LubliniecOSP Brzeziny Małe
0%
OSP DralinyOSP Brzeziny Wielkie
0%
OSP Łany ŚrednieOSP Brzezówka
0%
OSP Wąsosz GórnyOSP BuczkowiceOSP Pewel Mała
0%
OSP NatolinOSP BujakówOSP Glinka
0%
OSP Racibórz-SudółOSP Bycina
0%
OSP MakówOSP Byczyna
0%
OSP Iwanowice DużeOSP BystraOSP Kocierz Moszczanicki
0%
OSP LisowiceOSP Bystrzanowice
0%
OSP KobylaOSP Chechło
0%
OSP BluszczówOSP Chełm Śląski
0%
OSP KoszwiceOSP Chorzenice
0%
OSP RudziczkaOSP Chudów
0%
OSP CzekanówOSP Chwałęcice
0%
OSP ŻyglinekOSP Chwałowice
0%
OSP GulzówOSP Chybie
0%
OSP KośmidryOSP Cielętniki
0%
OSP SiedliszowiceOSP Cieszyn Bobrek
0%
OSP Łany MałeOSP Cieszyn Boguszowice
0%
OSP Łany WielkieOSP Cieszyn Krasna
0%
OSP MałoszyceOSP Cieszyn Marklowice
0%
OSP OtolaOSP Cieszyn Mnisztwo
0%
OSP UdórzOSP Cieszyn Pastwiska
0%
OSP PietraszynOSP Ciężkowice
0%
OSP RudnikOSP Ciochowice
0%
OSP ZboryOSP Cisie
0%
OSP SzypowiceOSP Cisownica
0%
OSP PawonkówOSP Cykarzew Północny
0%
OSP GwoździanyOSP Cykarzew Stary
0%
OSP Antonów Kuźnica NowaOSP CzaniecOSP Żywiec-Sporysz
0%
OSP GodówOSP Czarnuchowice
0%
OSP SkrzydłowiceOSP Czarny Las
0%
OSP WilkowiceOSP Czernica
0%
OSP ZamłynieOSP Częstochowa
0%
OSP BabienicaOSP Dąbek
0%
OSP Zawiercie-ŻerkowiceOSP Dąbie
0%
OSP Nowa WioskaOSP Dąbrowa Narodowa
0%
OSP ZłochowiceOSP Dąbrowa Zielona
0%
OSP StrzybnikOSP Dąbrówce Wielkiej
0%
OSP CyprzanówOSP Dąbrówka
0%
OSP GrodziskoOSP Dąbrówka MałaOSP Rychwałd
0%
OSP DankówOSP DankowiceOSP Przyborów
0%
OSP Tarnowskie GóryOSP Dębieńsko Stare
0%
OSP Boruszowice - HanusekOSP Dębieńsko Wielkie
0%
OSP KiełkowiceOSP Dębowiec
0%
OSP OwsiszczeOSP Długoszyn
0%
OSP NiegowoniceOSP Dobieszowice
0%
OSP Kamieńskie MłynyOSP Drochlin
0%
OSP MokrusOSP Drogomyśl
0%
OSP ZbrojewskoOSP Dźbów
0%
OSP Wola LibertowskaOSP Dzięgielów
0%
OSP PrzychodyOSP Dziewki
0%
OSP CelinyOSP Dzimierz
0%
OSP ŚwiniowiceOSP Gaszowice
0%
OSP Racibórz-BrzezieOSP Gierałtowice
0%
OSP GilowiceOSP Gliwice-Bojków
0%
OSP JarząbkowiceOSP Gliwice-Brzezinka
0%
OSP ModzurówOSP Gliwice-Ostropa
0%
OSP ZimnowodaOSP Gnaszyn
0%
OSP KawkiOSP GodziszkaOSP Kamesznica
0%
OSP BodziejowiceOSP Godziszów
0%
OSP PilicaOSP Goląsza Brzękowice
0%
JRG 1 RadzionkówOSP Golejów
0%
OSP PodzamczeOSP Goleszów
0%
OSP SiadczaOSP Gołuchowice
0%
OSP WierbkaOSP Góra Siewierska
0%
OSP Ryczów KoloniaOSP Górki Wielkie
0%
OSP PierzchnoOSP GórnikiOSP Żywiec-Moszczanica
0%
OSP Nakło ŚląskieOSP Gotartowice
0%
KP PSP MikołówOSP Grabowa
0%
OSP ŚwierklaniecOSP Grabownia
0%
OSP GrabowaOSP Grodziec
0%
OSP KonieczkiOSP Grodziec ŚląskiOSP Juszczyna
0%
OSP NieboczowyOSP Grzybowice
0%
OSP IrządzeOSP Gumna
0%
OSP PrzystajńOSP HałcnówOSP Radziechowy
0%
OSP MikołajewiceOSP Hażlach
0%
OSP DębieOSP HecznarowiceOSP Sopotnia Wielka
0%
OSP LubszaOSP Huta Stara
0%
JRG 1 MikołówOSP Hutki
0%
OSP KostrzynaOSP IłownicaOSP Przybędza
0%
OSP BełsznicaOSP Imielin
0%
OSP SadowieOSP Iskrzyczyn
0%
OSP BonowiceOSP Istebna Centrum
0%
OSP WilgoszczaOSP Istebna Zaolzie
0%
OSP GardawiceOSP Jacków
0%
OSP GostyńOSP Jamki
0%
OSP ZbrosławiceOSP Jankowice
0%
OSP Zwierzyniec TrzeciOSP Janów
0%
OSP ParzymiechyOSP JanowiceOSP Milówka
0%
OSP AleksandrówOSP JasienicaOSP Żywiec-Oczków
0%
OSP SadówOSP Jaskrów
0%
OSP ChałupkiOSP Jastrzębie Bzie
0%
OSP ŻerdzinyOSP Jastrzębie Górne
0%
OSP BrzeźnicaOSPJastrzębie Moszczenica
0%
OSP BorucinOSP Jastrzębie Ruptawa
0%
OSP BudziskaOSP Jastrzębie Szeroka
0%
OSP GamówOSP Jastrzębie Zdrój
0%
OSP Ługi RadłyOSP JaworzeOSP Trzebinia
0%
OSP WilkówOSP Jaworzynka Centrum
0%
OSP PorębaOSP Jaworzynka Zapasieki
0%
OSP ŚwiętoszowiceOSP Jejkowice
0%
OSP RoszkówOSP Jeleń
0%
OSP BrzostekOSP Kaczyce
0%
OSP KlepaczkaOSP KalnaOSP Laliki
0%
OSP Repty ŚląskieOSP Kamień
0%
OSP KałmukiOSP KamienicaOSP Okrajnik
0%
KP PSP LublińcuOSP Kamienica Polska
0%
OSP BrzezinyOSP Kamyce
0%
OSP PopówOSP KaniówOSP Nieledwia
0%
OSP PiasekOSP Karczewice Garnek
0%
OSP KamionkaOSP Kawodrza Dolna
0%
OSP Łaziska GórneOSP Kawodrza Górna
0%
OSP Poręba IIOSP Kiczyce
0%
OSP Łaziska ŚrednieOSP Kiedrzyn
0%
OSP Poręba-KrzemiendaOSP Kisielów
0%
OSP Florian w StrzybnicyOSP Kłokocin
0%
OSP CiasnaOSP Kłomnice
0%
OSP Wisła MałaOSP Knurów
0%
OSP BoroweOSP KobierniceOSP Krzyżowa
0%
OSP PaniowyOSP Kobyłczyce
0%
OSP ŚmiłowiceOSP Kocin Stary
0%
OSP Rębielice KrólewskieOSP Komorowice KrakowskieOSP Wieprz
0%
OSP StarokrzepiceOSP Komorowice ŚląskieOSP Rajcza
0%
OSP OrnontowiceOSP Konary
0%
OSP Koksownia RadlinOSP Kończyce
0%
OSP GrabiecOSP Kończyce Małe
0%
OSP OłudzaOSP Kończyce Wielkie
0%
OSP DrużykowaOSP Koniaków Centrum
0%
OSP Koniaków Kosarzyska
0%
OSP OrzeszeOSP Koniecpol I
0%
OSP HadraOSP Koniecpol II
0%
OSP KalinaOSP Koniecpol Stary
0%
OSP WoszczyceOSP Konin
0%
OSP OlszynaOSP Konopiska
0%
OSP WędzinaOSP Kościelec
0%
OSP Kostkowice
0%
OSP KalejOSP KostuchnaOSP Jeleśnia
0%
OSP BabiceOSP Kotulin
0%
OSP Kowale
0%
OSP Kozakowice
0%
OSP KrzanowiceOSP Kozłów
0%
OSP WyryOSP Krasice
0%
OSP KochciceOSP Kruszyna
0%
OSP Krupski MłynOSP Książenice
0%
OSP BujakówOSP Kuchary
0%
OSP JaśkowiceOSP Kusięta
0%
OSP Łaziska DolneOSP Kużnica Grodziska
0%
OSP MikołówOSP Kużnica Kiedrzyńska
0%
OSP MokreOSP Kużnica Marianowa
0%
OSP ĆwikliceOSP Kuźniczka Nowa
0%
KP PSP RacibórzOSP Łącza
0%
OSP Zawiercie-BlanowiceOSP Łagisza
0%
OSP KukówOSP LandekOSP Rycerka Górna
0%
JRG 1 RacibórzOSP Łany
0%
OSP StudzionkaOSP Łazy Błędowskie
0%
OSP KrzyżanowiceOSP Leboszowice
0%
OSP ŻarkiOSP Łęg
0%
OSP ZawiśćOSP Lelów I
0%
OSP RusinowiceOSP Lelów II
0%
OSP SierbowiceOSP Leśniaki
0%
OSP Leszna Górna
0%
OSP ZawiśćOSP Lgota Błotna
0%
KP PSP MyszkówOSP Lgota Gawronna
0%
JRG 1 MyszkówOSP Lgota Mała
0%
OSP AlbertówOSP LigotaOSP Żabnica
0%
OSP SzyszkówOSP LipnikOSP Rycerka Dolna
0%
OSP Zajączki DrugieOSP LipowiecOSP Cisiec
0%
OSP KoziegłowyOSP Liszka Dolna
0%
OSP Łagiewniki MałeOSP Lubojna
0%
OSP MarkowiceOSP Luborcza
0%
OSP BrynicaOSP Łuków Śląski
0%
OSP Żarki letniskoOSP Łysiec
0%
OSP NiegowaOSP Łysiny
0%
OSP KaletyOSP Lyski
0%
OSP Turza ŚląskaOSP Makoszowy
0%
OSP Lgota górnaOSP Małusy Małe
0%
OSP ChorońOSP Małusy Wielkie
0%
OSP Marklowice Górne
0%
OSP JaworznikOSP Mełchów
0%
OSP Iwanowice MałeOSP MesznaOSP Kocierz Rychwałdzki
0%
OSP GogołowaOSP Międzyrzecze
0%
OSP Kuźnica StaraOSP Międzyrzecze DolneOSP Kocoń
0%
OSP KuźniczkaOSP Międzyrzecze GórneOSP Las
0%
OSP Międzyświeć
0%
OSP Zawiercie-SkarżyceOSP Mierzęcice II
0%
OSP RadoszowyOSP Mikulczyce
0%
OSP KamykOSP Mikuszowice ŚląskieOSP Zarzecze
0%
OSP PrzyłękOSP Mnich
0%
OSP MrzygłodOSP Mokrzesz
0%
OSP Łagiewniki WielkieOSP Mykanów
0%
OSP TurzeOSP Mysłowice – Dziećkowice
0%
OSP SzymociceOSP Mysłowice – Janów
0%
OSP SławikówOSP Mysłowice – Kosztowy
0%
OSP Zawiercie-BzówOSP Myszkowice
0%
OSP ChwostekOSP Nakło
0%
OSP Nowa wieśOSP Nierada
0%
OSP OrzechOSP Niewiadom
0%
OSP KrzyżowiceOSP Niewiesze
0%
OSP OgorzelnikOSP Nieznanice
0%
OSP Dzwono-SierbowiceOSP Nowa Wieś
0%
OSP SławniówOSP Nowa Wioska
0%
OSP RokitnoOSP Ochaby
0%
OSP TąpkowiceOSP Ochojec
0%
OSP Ogrodzona
0%
OSP Gliana góraOSP Okołowice
0%
OSP GniazdówOSP Olbrachcice
0%
OSP SolarniaOSP Olsztyn
0%
OSP NiezdaraOSP Orzepowice
0%
OSP PawłówOSP Osiedle Stałe
0%
JRG 1 LublińecOSP Osiny
0%
OSP KoziegłówkiOSP Pacierzów
0%
OSP PołomiaOSP Palowice
0%
OSP KobiórOSP Paniówki
0%
OSP KrusinOSP Parkitka
0%
OSP Lgota nadwarcieOSP Piasek
0%
OSP Pierściec
0%
OSP PiasekOSP Pilchowice
0%
OSP Długi KątOSP PisarzowiceOSP Leśna
0%
OSP WłodowiceOSP Piwoń
0%
OSP WolaOSP Pławniowice
0%
OSP ŁańceOSP Pniów
0%
OSP Lipie | OSP MysłówOSP PodlesieOSP Koszarawa
0%
OSP Pogórze
0%
OSP Pogwizdów
0%
OSP PniowiecOSP Popielów
0%
OSP CygankaOSP PorąbkaOSP Krzyżówki
0%
OSP SolcaOSP Powarpie
0%
OSP KidówOSP Preczów
0%
OSP Pruchna
0%
OSP CisowaOSP Przeczyce
0%
OSP KamieniecOSP Przegędza
0%
OSP MzykiOSP Przymiłowice
0%
OSP GlinicaOSP Przyrów
0%
OSP GoczałkowiceOSP Przyszowice
0%
OSP OssyOSP Pstrążna
0%
OSP Rokitno-KaszczorOSP Puńców
0%
OSP TworkówOSP Rachowice
0%
OSP PińczyceOSP Raczkowice
0%
OSP BojanówOSP Radonia
0%
OSP Pustkowie lgockieOSP Radostków
0%
OSP RosochaczOSP Radoszewnica
0%
KP PSP Wodzisław śląskiOSP Raszczyce
0%
OSP RzeniszówOSP Rędziny
0%
OSP KochanowiceOSP Rększowice
0%
OSP OgrodzieniecOSP Rogoźni
0%
OSP LgotaOSP RoztropiceOSP Pewel Ślemieńska
0%
OSP RudaOSP Ruda Śląska
0%
OSP Rudnik
0%
OSP ZborowskieOSP Rudniki gm. Rędziny
0%
OSP Siedlec dużyOSP Rudnik Mały
0%
OSP Stara hutaOSP Rudnik Wielki
0%
OSP BieżeńOSP RudzicaOSP Czernichów Tresna
0%
OSP MiedźnaOSP Rudziniec
0%
OSP WilkowieckoOSP RybarzowiceOSP Świnna
0%
OSP WinownoOSP Rybna
0%
OSP Sieraków ŚląskiOSP Rzerzęczyce
0%
OSP Zawiercie-KarlinOSP Sączów
0%
OSP DobraOSP Sadowie
0%
OSP SzyceOSP Sarnów
0%
OSP WojsławiceOSP Siedlec
0%
OSP GłożynyOSP Siemianowice Śląskie
0%
OSP Zawiercie-KromołówOSP Siemonia
0%
OSP RudyOSP Sierakowice
0%
OSP WierzbicaOSP Siewierz Osiedle
0%
OSP Simoradz
0%
OSP SiedliskaOSP Skoczów
0%
OSP ZabijakOSP Skrzydlów
0%
OSP KotowiceOSP Ślęzany
0%
OSP PorajOSP Słowik
0%
OSP Pietrowice WielkieOSP Słupsko
0%
OSP Ruda KozielskaOSP Smolnica
0%
OSP GęzynOSP Soborzyce
0%
OSP JankowiceOSP Sośnicowice
0%
OSP LubomiaOSP Sosnowcu-Cieślach
0%
OSP MarklowiceOSP Sosnowcu-Porąbce
0%
OSP JastrząbOSP Srocko
0%
OSP Wisła WielkaOSP Śródmieście
0%
OSP Kuźnia RaciborskaOSP Stanica
0%
OSP LisówOSP Stanisławice
0%
OSP Księży LasOSP Stanowice
0%
OSP GolceOSP Stara WieśOSP Ostre
0%
OSP JeżowaOSP Starcza
0%
OSP TruskolasyOSP Stare BielskoOSP Zwardoń
0%
OSP Kuźnica staraOSP Staromieście
0%
OSP CzatachowaOSP Staropole
0%
OSP OżarowiceOSP Stodoły
0%
OSP PraszczykiOSP Stolarzowice
0%
OSP WaleńczówOSP StraconkaOSP Ślemień
0%
OSP StarzynyOSP Strumień
0%
OSP DobrakówOSP Strzyżowice
0%
OSP PiłaOSP Sucha Góra
0%
JRG 1 Wodzisław śląskiOSP Sumina
0%
OSP KryryOSP Świbie
0%
OSP GorzyczkiOSP Świerczyniec
0%
OSP ŁubieOSP Świerklany
0%
OSP PrzybynówOSP Święta Anna
0%
OSP PszówOSP Świętochłowice
0%
OSP PołomiaOSP Świętochłowice 1
0%
OSP LibidzaOSP ŚwiętoszówkaOSP Przyłęków
0%
OSP SzałszaOSP Szczejkowice
0%
OSP WojskaOSP Szczerbice
0%
OSP ZabełkówOSP Szczygłowice
0%
OSP KłobuckOSP SzopieniceOSP Pewel Wielka
0%
OSP ŁaziskaOSP TIMKEN Polska
0%
OSP DzwonowiceOSP Toporowice
0%
OSP WarszowiceOSP Toszek
0%
OSP MizerówOSP Trachy
0%
OSP ŁutowiecOSP Tucznawa
0%
OSP ZłożeniecOSP Tuliszów
0%
OSP MyszkówOSP Turów
0%
OSP Zawiercie-ŁośniceOSP Twardowice
0%
OSP SiedliskaOSP Tworóg mały
0%
OSP JankowiceOSP Ujejsce
0%
OSP Zwierzyniec PierwszyOSP Ulesie
0%
OSP TęgobórzOSP Ustroń Centrum
0%
OSP Ustroń Lipowiec
0%
OSP Wólka OłudzkaOSP Ustroń Nierodzim
0%
OSP Góra WłodowskaOSP Ustroń Polana
0%
OSP BoronówOSP Wanaty
0%
OSP BęduszOSP Wąsosz
0%
OSP SuszecOSP Widów
0%
OSP KoszęcinOSP Widzów
0%
OSP Nowa WieśOSP Wielka PuszczaOSP Soblówka
0%
OSP MrzygłodkaOSP Wielki Bór
0%
OSP ZendekOSP Wielopole
0%
OSP GóraOSP Wielowieś
0%
OSP MolnaOSP Wiercica
0%
OSP LindówOSP WieszczętaOSP Rychwałdek
0%
OSP PorębaOSP Wilcza
0%
OSP JanikiOSP WilkowiceOSP Łysina
0%
OSP Górki ŚląskieOSP Wilkowiczki
0%
OSP ParkoszowiceOSP Wisła Centrum
0%
OSP Wisła Czarne
0%
OSP RudnikiOSP Wisła Jawornik
0%
OSP Wisła Malinka
0%
OSP Wiślica
0%
OSP SmudzówkaOSP Wola Mokrzeska
0%
OSP WoźnikiOSP Wrzosowa
0%
OSP Zawiercie-PomrożyceOSP Wymysłów
0%
OSP Zabłocie
0%
OSP Zaborze
0%
OSP KołaczkowiceOSP ZabrzegOSP Bystra
0%
OSP CynkówOSP Zalesice
0%
OSP SokolnikiOSP Załęże
0%
OSP Zamarski
0%
OSP BliżyceOSP Zarębice
0%
OSP Zarzecze
0%
OSP KrzepiceOSP- ZarzeczeOSP Sopotnia Mała
0%
OSP PostaszowiceOSP Zawada k/Kam. Polskiej
0%
OSP DąbrownoOSP Zawada k/Kłomnic
0%
OSP Wysoka lelowskaOSP Zawada k/Mstowa
0%
OSP ZaborzeOSP Zawisna
0%
OSP Zbytków
0%
OSP MirówOSP Zdrowa
0%
OSP RzędkowiceOSP Zebrzydowice
0%
OSP Biała BłotnaOSP Żelisławice
0%
OSP PszczynaOSP Żernica
0%
OSP TrzebniówOSP Złoty Potok
0%
KP PSP ZawiercieOSP Żory
0%
OSP PradłaOSP Żory-Kleszczów
0%
OSP Zawada PilickaOSP Żory-Osiny
0%
OSP WitówOSP Żory-Rogoźna
0%
JRG 1 ZawiercieOSP Żory-Rój
0%
OSP KroczyceOSP Żory-Rowień
0%
OSP Kamienica ŚląskaOSP Zrębice
0%
OSP DzielnaOSP Żuraw
0%
OSP WieszowaOSP Zwonowice
0%
OSP ChlinaOSP Żychcice
0%
JRG 2 Wodzisław śląskiOSP Żytna
0%
OSP KleszczowaPsary
0%

Rozkład punktacji

Percentyl według liczby udzielonych odpowiedzi

Procent ludzi z każdym wynikiem

Twoja historia wyników

Nie rozwiązałeś tego quizu